Sports Quiz

Random Sports Quiz
Score 0/7 Timer 03:00
0 Plays Today
Hint Answer % Correct
2005Reggie Bush
89%
2007Tim Tebow
87.8%
2008Sam Bradford
79.3%
2006Troy Smith
76.8%
2003Jason White
76.8%
2001Eric Crouch
64.6%
2000Chris Weinke
58.5%
Remove Ads.
Support Sporcle.
Get the best of Sporcle when you Go Orange. This ad-free experience offers more features, more stats, and more fun while also helping to support Sporcle. Thank you for becoming a member.

You're not logged in!

Compare scores with friends on all Sporcle quizzes.
OR
Log In

Show Comments

Extras

Top Quizzes Today


Score Distribution

Your Account Isn't Verified!

In order to create a playlist on Sporcle, you need to verify the email address you used during registration. Go to your Sporcle Settings to finish the process.

Report this User

Report this user for behavior that violates our Community Guidelines.

Details: